Famous Indian People by Picture #1 - Statistics

General Stats
  • This quiz has been taken 115 times
  • The average score is 7 of 20
Answer Stats
Picture Answer % Correct
mahendra singh dhoni
69%
kareena kapoor
67%
kalpana chawla
66%
apj abdul kalam
65%
rohit shetty
58%
hritik roshan
57%
mary kom
49%
pt usha
45%
shankar mahadevan
45%
asha bhosle
36%
dilip kumar
28%
jrd tata
27%
milind soman
23%
amartya sen
22%
yash chopra
22%
ratna pathak shah
20%
birju maharaj
16%
barkha dutt
12%
mf husain
9%
suraiya
5%
No matching quizzes found
Score Distribution
Percent of People with Each Score
Percentile by Number Answered
Your Score History
You have not taken this quiz